Amino Acid pKa - Statistics

General Stats
  • This quiz has been taken 6 times
  • The average score is 6 of 10
Answer Stats
Hint Answer % Correct
carboxyl 2
100%
carboxyl in proteins 3
100%
Aspartic and glutamic 4
83%
histidine 6
83%
amino in proteins 8
83%
serine and threonine 13
50%
lysine and tyrosine 10.5
33%
arginine 12.5
17%
cysteine 8.5
17%
amino 9.5
17%
No matching quizzes found
Score Distribution
Percent of People with Each Score
Percentile by Number Answered
Your Score History
You have not taken this quiz